Principles of Management: (Record no. 204525)

MARC details
000 -LEADER
fixed length control field 00731 a2200229 4500
003 - CONTROL NUMBER IDENTIFIER
control field dpl
005 - DATE AND TIME OF LATEST TRANSACTION
control field 20240726143801.0
008 - FIXED-LENGTH DATA ELEMENTS--GENERAL INFORMATION
fixed length control field 240726b |||||||| |||| 00| 0 eng d
010 ## - LIBRARY OF CONGRESS CONTROL NUMBER
LC control number ENG-141019
020 ## - INTERNATIONAL STANDARD BOOK NUMBER
International Standard Book Number 9789354790171
Terms of availability 995.00
035 ## - SYSTEM CONTROL NUMBER
System control number EN-124551
037 ## - SOURCE OF ACQUISITION
Source of stock number/acquisition DBAD
040 ## - CATALOGING SOURCE
Transcribing agency 0
082 14 - DEWEY DECIMAL CLASSIFICATION NUMBER
Classification number 658
Edition number 2
100 1# - MAIN ENTRY--PERSONAL NAME
9 (RLIN) 68964
Personal name Laasch, Oliver
245 1# - TITLE STATEMENT
Title Principles of Management:
Statement of responsibility, etc By Oliver Laasch
Remainder of title Practicing Ethics, Responsibility, Sustainability/
250 ## - EDITION STATEMENT
Edition statement 2
260 ## - PUBLICATION, DISTRIBUTION, ETC. (IMPRINT)
Place of publication, distribution, etc New Delhi
Name of publisher, distributor, etc Sage Publications
Date of publication, distribution, etc 2021
270 ## - ADDRESS
Address B1/11, Mohan Cooperative Industrial Area, Mathura Road
City New Delhi
Postal code 110 044
300 ## - PHYSICAL DESCRIPTION
Extent xxviii,807,I-14p.
Dimensions 23cm(pb)
Other physical details Index
942 ## - ADDED ENTRY ELEMENTS (KOHA)
Institution code [OBSOLETE] dpl
Koha item type English Books
Source of classification or shelving scheme Dewey Decimal Classification
Classification part 658
Call number suffix LAA
Holdings
Withdrawn status Lost status Source of classification or shelving scheme Damaged status Not for loan Collection code Home library Current library Date acquired Source of acquisition Cost, normal purchase price Total Checkouts Full call number Barcode Date last seen Copy number Cost, replacement price Price effective from Koha item type
    Dewey Decimal Classification     Non-fiction Patel Nagar Patel Nagar 26/07/2024 DBAD 995.00   658 LAA EN-124551 26/07/2024 1 995.00 26/07/2024 English Books

© Delhi Public Library
Hit Counter
free hit counter